000 00455nam a22001217a 4500
999 _c21725
_d21725
008 240920b ||||| |||| 00| 0 eng d
100 _aMaybuena, Rexell A.
_eauthor.
_961257
245 _aBecoming a topnotcher :
_ba silly dream? /
_cRexell A. Maybuena.
260 _aPhilippines;
_bPublishers Association of the Philippines, Inc.,
_cMarch 2018.
300 _aVolume 66, pages 377-379.
700 _aMaybuena, Rexell A.
_eauthor.
_961257
942 _2ddc
_cPER